[Event "Tournoi International du Pays de Charleroi 2018"]
[Site "Roux, Belgium"]
[Date "2018.08.02"]
[Round "7.23"]
[White "Jamar, Vadim"]
[Black "Werner, Ivan"]
[Result "0-1"]
[WhiteElo "1909"]
[BlackElo "2110"]

1. e4 {[%clk 01:30:57]} {[%emt 00:00:02]} c5 {[%clk 01:30:43]} {[%emt
00:00:18]} 2. d4 {[%clk 01:31:15]} {[%emt 00:00:13]} cxd4 {[%clk 01:31:07]}
{[%emt 00:00:05]} 3. c3 {[%clk 01:31:40]} {[%emt 00:00:05]} Nf6 {[%clk
01:31:24]} {[%emt 00:00:13]} 4. e5 {[%clk 01:32:01]} {[%emt 00:00:09]} Nd5
{[%clk 01:31:47]} {[%emt 00:00:07]} 5. Qxd4 {[%clk 01:32:24]} {[%emt 00:00:07]}
e6 {[%clk 01:32:05]} {[%emt 00:00:12]} 6. Nf3 {[%clk 01:32:34]} {[%emt
00:00:20]} Nc6 {[%clk 01:32:24]} {[%emt 00:00:11]} 7. Qe4 {[%clk 01:32:59]}
{[%emt 00:00:05]} f5 {[%clk 01:32:46]} {[%emt 00:00:09]} 8. Qe2 {[%clk
01:33:21]} {[%emt 00:00:07]} Qc7 {[%clk 01:32:48]} {[%emt 00:00:28]} 9. Nbd2
{[%clk 01:31:31]} {[%emt 00:02:20]} b5 {[%clk 01:27:02]} {[%emt 00:06:15]} 10.
g3 {[%clk 01:28:56]} {[%emt 00:03:06]} Be7 {[%clk 01:26:23]} {[%emt 00:01:09]}
11. Bg2 {[%clk 01:29:05]} {[%emt 00:00:21]} O-O {[%clk 01:26:40]} {[%emt
00:00:13]} 12. O-O {[%clk 01:28:55]} {[%emt 00:00:40]} a5 {[%clk 01:26:27]}
{[%emt 00:00:44]} 13. Rd1 {[%clk 01:22:14]} {[%emt 00:07:09]} f4 {[%clk
01:23:30]} {[%emt 00:03:27]} 14. Nb3 {[%clk 01:19:06]} {[%emt 00:03:39]} fxg3
{[%clk 01:20:56]} {[%emt 00:03:04]} 15. hxg3 {[%clk 01:19:07]} {[%emt
00:00:28]} a4 {[%clk 01:04:35]} {[%emt 00:16:51]} 16. Nbd4 {[%clk 01:18:45]}
{[%emt 00:00:52]} Ba6 {[%clk 00:56:59]} {[%emt 00:08:07]} 17. Nxc6 {[%clk
01:07:08]} {[%emt 00:12:08]} dxc6 {[%clk 00:37:39]} {[%emt 00:19:49]} 18. Bh3
{[%clk 01:02:17]} {[%emt 00:05:20]} Bc8 {[%clk 00:25:05]} {[%emt 00:13:04]} 19.
Nd4 {[%clk 01:01:31]} {[%emt 00:01:16]} Bc5 {[%clk 00:24:33]} {[%emt 00:01:02]}
20. Be3 {[%clk 00:40:01]} {[%emt 00:22:01]} Qf7 {[%clk 00:20:30]} {[%emt
00:04:33]} 21. f4 {[%clk 00:17:48]} {[%emt 00:22:43]} a3 {[%clk 00:13:06]}
{[%emt 00:07:54]} 22. Bf2 {[%clk 00:14:42]} {[%emt 00:03:35]} axb2 {[%clk
00:13:10]} {[%emt 00:00:27]} 23. Qxb2 {[%clk 00:14:55]} {[%emt 00:00:17]} Bd7
{[%clk 00:10:06]} {[%emt 00:03:33]} 24. Bg2 {[%clk 00:13:42]} {[%emt 00:01:43]}
h5 {[%clk 00:09:03]} {[%emt 00:01:34]} 25. Bxd5 {[%clk 00:09:19]} {[%emt
00:04:53]} exd5 {[%clk 00:08:56]} {[%emt 00:00:36]} 26. Be3 {[%clk 00:08:00]}
{[%emt 00:01:49]} Qg6 {[%clk 00:08:44]} {[%emt 00:00:42]} 27. Qg2 {[%clk
00:07:40]} {[%emt 00:00:50]} Ra3 {[%clk 00:08:19]} {[%emt 00:00:55]} 28. f5
{[%clk 00:06:38]} {[%emt 00:01:33]} Qg4 {[%clk 00:06:04]} {[%emt 00:02:45]} 29.
e6 {[%clk 00:02:18]} {[%emt 00:04:49]} Rxc3 {[%clk 00:05:13]} {[%emt 00:01:22]}
30. Bf2 {[%clk 00:02:39]} {[%emt 00:00:08]} Be8 {[%clk 00:02:47]} {[%emt
00:02:56]} 31. Kh2 {[%clk 00:01:31]} {[%emt 00:01:39]} g6 {[%clk 00:01:39]}
{[%emt 00:01:38]} 32. Nxb5 {[%clk 00:00:32]} {[%emt 00:01:28]} Rc2 {[%clk
00:01:18]} {[%emt 00:00:51]} 33. Nd4 {[%clk 00:00:43]} {[%emt 00:00:19]} Bxd4
{[%clk 00:01:09]} {[%emt 00:00:40]} 34. Rxd4 {[%clk 00:01:02]} {[%emt
00:00:11]} Qxf5 {[%clk 00:00:45]} {[%emt 00:00:54]} 35. Rf4 {[%clk 00:01:27]}
{[%emt 00:00:05]} Qxe6 {[%clk 00:00:59]} {[%emt 00:00:16]} 36. Rxf8+ {[%clk
00:01:28]} {[%emt 00:00:29]} Kxf8 {[%clk 00:01:28]} 37. Bc5+ {[%clk 00:00:39]}
{[%emt 00:01:19]} Rxc5 {[%clk 00:01:25]} {[%emt 00:00:34]} 38. Qf2+ {[%clk
00:01:05]} {[%emt 00:00:03]} Kg8 {[%clk 00:00:37]} {[%emt 00:01:17]} 39. Qxc5
{[%clk 00:01:30]} {[%emt 00:00:06]} h4 {[%clk 00:00:45]} {[%emt 00:00:23]} 40.
Qf2 {[%clk 00:00:34]} {[%emt 00:01:25]} hxg3 {[%clk 00:00:42]} {[%emt
00:00:33]} 41. Qxg3 {[%clk 00:30:08]} {[%emt 00:00:56]} d4 {[%clk 00:27:35]}
{[%emt 00:03:37]} 42. Kg1 {[%clk 00:22:03]} {[%emt 00:08:36]} Bf7 {[%clk
00:26:41]} {[%emt 00:01:23]} 43. a3 {[%clk 00:18:20]} {[%emt 00:04:13]} Qd5
{[%clk 00:19:54]} {[%emt 00:07:17]} 44. Re1 {[%clk 00:16:21]} {[%emt 00:02:29]}
d3 {[%clk 00:08:50]} {[%emt 00:11:35]} 45. Rd1 {[%clk 00:15:59]} {[%emt
00:00:51]} Qd4+ {[%clk 00:09:15]} {[%emt 00:00:05]} 46. Kf1 {[%clk 00:11:18]}
{[%emt 00:05:11]} d2 {[%clk 00:08:54]} {[%emt 00:00:51]} 47. Qg5 {[%clk
00:06:57]} {[%emt 00:04:50]} Bc4+ {[%clk 00:07:33]} {[%emt 00:01:52]} 48. Kg2
{[%clk 00:07:19]} {[%emt 00:00:08]} Qe4+ {[%clk 00:07:25]} {[%emt 00:00:38]} 49.
Kg3 {[%clk 00:02:17]} {[%emt 00:05:32]} Qe1+ {[%clk 00:07:43]} {[%emt
00:00:13]} 50. Kf4 {[%clk 00:02:38]} {[%emt 00:00:08]} Qxd1 {[%clk 00:03:05]}
{[%emt 00:05:08]} 51. Qxg6+ {[%clk 00:03:00]} {[%emt 00:00:07]} Kf8 {[%clk
00:03:08]} {[%emt 00:00:27]} 52. Qf6+ {[%clk 00:03:04]} {[%emt 00:00:27]} Bf7
{[%clk 00:03:30]} {[%emt 00:00:08]} 53. Qd8+ {[%clk 00:03:00]} {[%emt
00:00:33]} Kg7 {[%clk 00:03:41]} {[%emt 00:00:19]} 54. Qg5+ {[%clk 00:02:43]}
{[%emt 00:00:47]} Bg6 {[%clk 00:03:26]} {[%emt 00:00:46]} 55. Qe7+ {[%clk
00:02:48]} {[%emt 00:00:24]} Kg8 {[%clk 00:02:48]} {[%emt 00:01:08]} 56. Qd8+
{[%clk 00:03:00]} {[%emt 00:00:19]} Kg7 {[%clk 00:03:03]} {[%emt 00:00:16]} 57.
Qe7+ {[%clk 00:03:26]} {[%emt 00:00:03]} Bf7 {[%clk 00:03:23]} {[%emt
00:00:10]} 58. Qg5+ {[%clk 00:03:48]} {[%emt 00:00:08]} Kh7 {[%clk 00:03:41]}
{[%emt 00:00:12]} 59. Qf5 {[%clk 00:04:01]} {[%emt 00:00:17]} Bg6 {[%clk
00:03:56]} {[%emt 00:00:15]} 60. Qh3 {[%clk 00:02:56]} {[%emt 00:01:35]} Qh5
{[%clk 00:03:58]} {[%emt 00:00:28]} 61. Qd7 {[%clk 00:03:14]} {[%emt 00:00:13]}
Bf7 {[%clk 00:03:55]} {[%emt 00:00:32]} 62. Qd3 {[%clk 00:02:09]} {[%emt
00:01:34]} Qg6 {[%clk 00:04:05]} {[%emt 00:00:20]} 63. Qd7 {[%clk 00:01:57]}
{[%emt 00:00:43]} Qh6+ {[%clk 00:03:14]} {[%emt 00:01:21]} 64. Kg3 {[%clk
00:01:41]} {[%emt 00:00:46]} Qe3+ {[%clk 00:02:20]} {[%emt 00:01:24]} 65. Kh4
{[%clk 00:01:39]} {[%emt 00:00:33]} Qe1 {[%clk 00:02:12]} {[%emt 00:00:37]} 66.
Kg5 {[%clk 00:02:03]} {[%emt 00:00:06]} Qg3+ {[%clk 00:02:31]} {[%emt
00:00:11]} 67. Kf5 {[%clk 00:02:15]} {[%emt 00:00:18]} Qh3+ {[%clk 00:02:56]}
{[%emt 00:00:05]} 0-1

[Event "Tournoi International du Pays de Charleroi 2018"]
[Site "Roux, Belgium"]
[Date "2018.08.02"]
[Round "7.3"]
[White "Mirzoev, Azer"]
[Black "Decrop, Benjamin"]
[Result "1-0"]
[WhiteTitle "GM"]
[WhiteElo "2506"]
[BlackElo "2207"]

1. d4 {[%clk 01:30:37]} {[%emt 00:00:22]} Nf6 {[%clk 01:30:55]} {[%emt
00:00:05]} 2. Nf3 {[%clk 01:30:40]} {[%emt 00:00:28]} d5 {[%clk 01:31:20]}
{[%emt 00:00:05]} 3. c4 {[%clk 01:31:02]} {[%emt 00:00:08]} e6 {[%clk
01:31:44]} {[%emt 00:00:06]} 4. Nc3 {[%clk 01:31:28]} {[%emt 00:00:05]} Bb4
{[%clk 01:32:10]} {[%emt 00:00:04]} 5. Qa4+ {[%clk 01:31:39]} {[%emt 00:00:18]}
Nc6 {[%clk 01:32:35]} {[%emt 00:00:05]} 6. e3 {[%clk 01:31:53]} {[%emt
00:00:16]} O-O {[%clk 01:32:59]} {[%emt 00:00:06]} 7. Bd2 {[%clk 01:31:59]}
{[%emt 00:00:23]} dxc4 {[%clk 01:25:35]} {[%emt 00:07:55]} 8. Bxc4 {[%clk
01:32:09]} {[%emt 00:00:19]} Bd6 {[%clk 01:26:03]} {[%emt 00:00:03]} 9. h3
{[%clk 01:22:33]} {[%emt 00:10:05]} a6 {[%clk 01:24:16]} {[%emt 00:02:18]} 10.
Be2 {[%clk 01:22:42]} {[%emt 00:00:18]} e5 {[%clk 01:19:37]} {[%emt 00:05:12]}
11. d5 {[%clk 01:22:57]} {[%emt 00:00:14]} Ne7 {[%clk 01:19:15]} {[%emt
00:00:52]} 12. e4 {[%clk 01:23:18]} {[%emt 00:00:09]} h6 {[%clk 01:10:58]}
{[%emt 00:08:47]} 13. O-O {[%clk 01:21:41]} {[%emt 00:02:06]} c6 {[%clk
01:02:49]} {[%emt 00:08:39]} 14. dxc6 {[%clk 01:21:57]} {[%emt 00:00:14]} Nxc6
{[%clk 01:03:15]} {[%emt 00:00:05]} 15. Be3 {[%clk 01:21:17]} {[%emt 00:01:07]}
Be6 {[%clk 00:59:15]} {[%emt 00:04:33]} 16. Rfd1 {[%clk 01:20:36]} {[%emt
00:01:09]} Qb8 {[%clk 00:51:58]} {[%emt 00:07:48]} 17. a3 {[%clk 01:11:08]}
{[%emt 00:09:57]} b5 {[%clk 00:42:11]} {[%emt 00:10:18]} 18. Qc2 {[%clk
01:11:07]} {[%emt 00:00:30]} Na5 {[%clk 00:41:31]} {[%emt 00:01:12]} 19. Nd2
{[%clk 00:56:19]} {[%emt 00:15:16]} Rc8 {[%clk 00:38:42]} {[%emt 00:03:21]} 20.
Rac1 {[%clk 00:54:35]} {[%emt 00:02:12]} Bf8 {[%clk 00:34:37]} {[%emt
00:04:37]} 21. Qb1 {[%clk 00:51:25]} {[%emt 00:03:39]} Nb3 {[%clk 00:29:54]}
{[%emt 00:05:14]} 22. Nxb3 {[%clk 00:49:29]} {[%emt 00:02:25]} Bxb3 {[%clk
00:30:20]} {[%emt 00:00:04]} 23. Rd2 {[%clk 00:49:44]} {[%emt 00:00:14]} Qb7
{[%clk 00:30:09]} {[%emt 00:00:43]} 24. Bf3 {[%clk 00:49:35]} {[%emt 00:00:37]}
Rd8 {[%clk 00:28:31]} {[%emt 00:02:09]} 25. Ne2 {[%clk 00:42:38]} {[%emt
00:07:25]} Rac8 {[%clk 00:24:41]} {[%emt 00:04:21]} 26. Rxd8 {[%clk 00:42:23]}
Rxd8 {[%clk 00:24:47]} {[%emt 00:01:10]} 27. Ng3 {[%clk 00:42:25]} {[%emt
00:00:26]} g6 {[%clk 00:23:11]} {[%emt 00:02:07]} 28. Rc3 {[%clk 00:40:08]}
{[%emt 00:02:45]} Bc4 {[%clk 00:22:22]} {[%emt 00:01:21]} 29. Qc1 {[%clk
00:39:47]} {[%emt 00:00:51]} Kh7 {[%clk 00:17:33]} {[%emt 00:05:19]} 30. b3
{[%clk 00:33:53]} {[%emt 00:06:22]} Be6 {[%clk 00:17:39]} {[%emt 00:00:26]} 31.
Rc7 {[%clk 00:34:06]} {[%emt 00:00:16]} Qb8 {[%clk 00:17:16]} {[%emt 00:00:54]}
32. Ba7 {[%clk 00:26:11]} {[%emt 00:08:24]} Qa8 {[%clk 00:09:25]} {[%emt
00:08:23]} 33. Bc5 {[%clk 00:25:10]} {[%emt 00:01:30]} Rc8 {[%clk 00:06:38]}
{[%emt 00:03:17]} 34. Bxf8 {[%clk 00:24:39]} {[%emt 00:01:00]} Rxc7 {[%clk
00:06:20]} {[%emt 00:00:49]} 35. Qxh6 {[%clk 00:24:21]} {[%emt 00:00:48]} 1-0

[Event "Tournoi International du Pays de Charleroi 2018"]
[Site "Roux, Belgium"]
[Date "2018.08.02"]
[Round "7.13"]
[White "Vesin, Jean-Robert"]
[Black "Mitran Anthony, Cristian"]
[Result "1-0"]
[WhiteTitle "FM"]
[WhiteElo "2215"]
[BlackElo "2096"]

1. e4 {[%clk 01:30:58]} g6 {[%clk 01:30:58]} {[%emt 00:00:03]} 2. d4 {[%clk
01:31:04]} {[%emt 00:00:22]} Bg7 {[%clk 01:31:27]} {[%emt 00:00:03]} 3. Nc3
{[%clk 01:30:12]} {[%emt 00:01:21]} c6 {[%clk 01:31:56]} {[%emt 00:00:02]} 4.
Nf3 {[%clk 01:28:03]} {[%emt 00:02:38]} d5 {[%clk 01:32:14]} {[%emt 00:00:12]}
5. h3 {[%clk 01:28:26]} {[%emt 00:00:06]} dxe4 {[%clk 01:31:31]} {[%emt
00:01:15]} 6. Nxe4 {[%clk 01:28:48]} {[%emt 00:00:08]} Nd7 {[%clk 01:31:48]}
{[%emt 00:00:13]} 7. Bc4 {[%clk 01:24:48]} {[%emt 00:04:29]} Ngf6 {[%clk
01:25:39]} {[%emt 00:06:40]} 8. Nxf6+ {[%clk 01:21:35]} {[%emt 00:03:43]} Nxf6
{[%clk 01:24:55]} {[%emt 00:01:14]} 9. O-O {[%clk 01:21:37]} {[%emt 00:00:27]}
O-O {[%clk 01:25:06]} {[%emt 00:00:19]} 10. Re1 {[%clk 01:18:22]} {[%emt
00:03:45]} b5 {[%clk 01:19:15]} {[%emt 00:06:22]} 11. Bb3 {[%clk 01:18:13]}
{[%emt 00:00:38]} Bb7 {[%clk 01:19:24]} {[%emt 00:00:21]} 12. Bg5 {[%clk
01:15:39]} {[%emt 00:03:04]} Qc7 {[%clk 01:17:39]} {[%emt 00:02:15]} 13. c3
{[%clk 01:13:20]} {[%emt 00:02:48]} e6 {[%clk 01:14:38]} {[%emt 00:03:31]} 14.
Qd2 {[%clk 01:05:22]} {[%emt 00:08:29]} Rfe8 {[%clk 01:12:52]} {[%emt
00:02:17]} 15. Bf4 {[%clk 01:04:43]} {[%emt 00:01:09]} Qe7 {[%clk 01:05:31]}
{[%emt 00:07:51]} 16. Be5 {[%clk 00:59:08]} {[%emt 00:06:06]} c5 {[%clk
01:02:49]} {[%emt 00:03:11]} 17. Qf4 {[%clk 00:58:15]} {[%emt 00:01:22]} Nh5
{[%clk 00:57:28]} {[%emt 00:05:51]} 18. Qe3 {[%clk 00:58:25]} {[%emt 00:00:21]}
cxd4 {[%clk 00:53:01]} {[%emt 00:04:57]} 19. Nxd4 {[%clk 00:53:13]} {[%emt
00:05:41]} Bxe5 {[%clk 00:50:18]} {[%emt 00:03:13]} 20. Qxe5 {[%clk 00:53:27]}
{[%emt 00:00:16]} Rac8 {[%clk 00:44:01]} {[%emt 00:06:48]} 21. Rad1 {[%clk
00:50:11]} {[%emt 00:03:45]} Rc5 {[%clk 00:41:51]} {[%emt 00:02:40]} 22. Qe3
{[%clk 00:50:32]} {[%emt 00:00:09]} Qg5 {[%clk 00:40:44]} {[%emt 00:01:37]} 23.
Nf3 {[%clk 00:43:48]} {[%emt 00:07:13]} Bxf3 {[%clk 00:34:37]} {[%emt
00:06:37]} 24. Qxf3 {[%clk 00:44:12]} {[%emt 00:00:06]} Rf5 {[%clk 00:35:01]}
{[%emt 00:00:07]} 25. Qc6 {[%clk 00:36:31]} {[%emt 00:08:11]} Rf8 {[%clk
00:33:50]} {[%emt 00:01:41]} 26. Bc2 {[%clk 00:36:04]} {[%emt 00:00:56]} Rc5
{[%clk 00:30:15]} {[%emt 00:04:04]} 27. Qe4 {[%clk 00:34:03]} {[%emt 00:02:31]}
Nf4 {[%clk 00:28:05]} {[%emt 00:02:40]} 28. g3 {[%clk 00:30:35]} {[%emt
00:03:59]} Rf5 {[%clk 00:23:43]} {[%emt 00:04:52]} 29. Qh1 {[%clk 00:26:58]}
{[%emt 00:04:07]} Rc5 {[%clk 00:21:20]} {[%emt 00:02:53]} 30. Rd4 {[%clk
00:23:19]} {[%emt 00:04:09]} e5 {[%clk 00:20:03]} {[%emt 00:01:48]} 31. h4
{[%clk 00:22:53]} {[%emt 00:00:56]} Qf6 {[%clk 00:13:55]} {[%emt 00:06:37]} 32.
Rd7 {[%clk 00:22:38]} {[%emt 00:00:46]} Ne6 {[%clk 00:13:28]} {[%emt 00:00:57]}
33. Bb3 {[%clk 00:22:46]} {[%emt 00:00:21]} a5 {[%clk 00:13:12]} {[%emt
00:00:47]} 34. Qb7 {[%clk 00:20:54]} {[%emt 00:02:22]} g5 {[%clk 00:10:52]}
{[%emt 00:02:50]} 35. h5 {[%clk 00:19:05]} {[%emt 00:02:19]} a4 {[%clk
00:08:45]} {[%emt 00:02:38]} 36. Bc2 {[%clk 00:18:48]} {[%emt 00:00:47]} a3
{[%clk 00:05:06]} {[%emt 00:04:09]} 37. Qe4 {[%clk 00:14:02]} {[%emt 00:05:15]}
Qh6 {[%clk 00:03:40]} {[%emt 00:01:56]} 38. Qb4 {[%clk 00:12:30]} {[%emt
00:02:02]} axb2 {[%clk 00:03:25]} {[%emt 00:00:45]} 39. Kg2 {[%clk 00:12:14]}
{[%emt 00:00:46]} Rfc8 {[%clk 00:03:09]} {[%emt 00:00:45]} 40. Qxb2 {[%clk
00:10:45]} {[%emt 00:02:00]} Rxc3 {[%clk 00:02:51]} {[%emt 00:00:47]} 41. Be4
{[%clk 00:08:21]} {[%emt 00:02:54]} R3c5 {[%clk 00:21:19]} {[%emt 00:12:03]} 42.
Bd5 {[%clk 00:37:27]} {[%emt 00:01:23]} R8c7 {[%clk 00:20:41]} {[%emt
00:01:09]} 43. Bxe6 {[%clk 00:33:10]} {[%emt 00:04:47]} Qxe6 {[%clk 00:21:09]}
{[%emt 00:00:02]} 44. Rxc7 {[%clk 00:33:30]} {[%emt 00:00:09]} Rxc7 {[%clk
00:21:37]} {[%emt 00:00:02]} 45. Rxe5 {[%clk 00:33:35]} {[%emt 00:00:24]} Qc6+
{[%clk 00:21:22]} {[%emt 00:00:46]} 46. Kh2 {[%clk 00:33:58]} {[%emt 00:00:07]}
f6 {[%clk 00:21:15]} {[%emt 00:00:38]} 47. Rxb5 {[%clk 00:34:11]} {[%emt
00:00:17]} Rf7 {[%clk 00:20:14]} {[%emt 00:01:31]} 48. h6 {[%clk 00:31:26]}
{[%emt 00:03:15]} Rf8 {[%clk 00:19:50]} {[%emt 00:00:54]} 49. Rxg5+ {[%clk
00:31:33]} {[%emt 00:00:23]} Kh8 {[%clk 00:19:49]} {[%emt 00:00:30]} 50. Qa3
{[%clk 00:27:09]} {[%emt 00:04:53]} Ra8 {[%clk 00:18:52]} {[%emt 00:01:28]} 51.
Qe7 {[%clk 00:26:43]} {[%emt 00:00:56]} Rxa2 {[%clk 00:19:20]} {[%emt
00:00:03]} 52. Qg7 {[%clk 00:26:25]} {[%emt 00:00:14]} 1-0

[Event "Tournoi International du Pays de Charleroi 2018"]
[Site "Roux, Belgium"]
[Date "2018.08.02"]
[Round "7.2"]
[White "Miezis, Normunds"]
[Black "Cruz Lledo, Pablo"]
[Result "1/2-1/2"]
[WhiteTitle "GM"]
[BlackTitle "IM"]
[WhiteElo "2463"]
[BlackElo "2443"]

1. c4 {[%clk 01:30:55]} {[%emt 00:00:03]} c6 {[%clk 01:30:20]} {[%emt
00:00:41]} 2. e4 {[%clk 01:31:04]} {[%emt 00:00:20]} d5 {[%clk 01:30:43]}
{[%emt 00:00:08]} 3. cxd5 {[%clk 01:31:18]} {[%emt 00:00:15]} cxd5 {[%clk
01:31:07]} {[%emt 00:00:06]} 4. exd5 {[%clk 01:31:39]} {[%emt 00:00:10]} Nf6
{[%clk 01:31:32]} {[%emt 00:00:05]} 5. Bc4 {[%clk 01:29:24]} {[%emt 00:02:45]}
Nxd5 {[%clk 01:28:01]} {[%emt 00:04:02]} 6. Nc3 {[%clk 01:27:50]} {[%emt
00:02:03]} Nb6 {[%clk 01:28:25]} {[%emt 00:00:05]} 7. Bb3 {[%clk 01:27:58]}
{[%emt 00:00:22]} Nc6 {[%clk 01:28:46]} {[%emt 00:00:10]} 8. Nf3 {[%clk
01:27:57]} {[%emt 00:00:30]} Bf5 {[%clk 01:28:23]} {[%emt 00:00:53]} 9. d4
{[%clk 01:27:19]} {[%emt 00:01:08]} e6 {[%clk 01:28:39]} {[%emt 00:00:16]} 10.
O-O {[%clk 01:19:56]} {[%emt 00:07:51]} Be7 {[%clk 01:28:39]} {[%emt 00:00:31]}
11. Be3 {[%clk 01:04:48]} {[%emt 00:15:37]} O-O {[%clk 01:27:36]} {[%emt
00:01:33]} 12. Ne5 {[%clk 01:01:53]} {[%emt 00:03:25]} Na5 {[%clk 01:23:25]}
{[%emt 00:04:42]} 13. Bc2 {[%clk 01:01:50]} {[%emt 00:00:32]} Bxc2 {[%clk
01:22:46]} {[%emt 00:01:10]} 14. Qxc2 {[%clk 01:02:12]} {[%emt 00:00:07]} Rc8
{[%clk 01:22:28]} {[%emt 00:00:49]} 15. Qe2 {[%clk 01:01:00]} {[%emt 00:01:41]}
Nac4 {[%clk 01:17:53]} {[%emt 00:05:06]} 16. Nxc4 {[%clk 00:53:54]} {[%emt
00:07:35]} Nxc4 {[%clk 01:17:18]} {[%emt 00:01:06]} 17. Rad1 {[%clk 00:52:46]}
{[%emt 00:01:37]} Qb6 {[%clk 01:07:11]} {[%emt 00:10:38]} 18. Bc1 {[%clk
00:52:12]} {[%emt 00:01:04]} Bf6 {[%clk 00:57:49]} {[%emt 00:09:51]} 19. b3
{[%clk 00:33:44]} {[%emt 00:18:59]} Nd6 {[%clk 00:57:27]} {[%emt 00:00:52]} 20.
Ne4 {[%clk 00:32:18]} {[%emt 00:01:54]} Nxe4 {[%clk 00:30:29]} {[%emt
00:27:29]} 21. Qxe4 {[%clk 00:32:04]} {[%emt 00:00:44]} Rfd8 {[%clk 00:30:51]}
{[%emt 00:00:08]} 22. d5 {[%clk 00:27:40]} {[%emt 00:04:54]} exd5 {[%clk
00:31:07]} {[%emt 00:00:15]} 23. Rxd5 {[%clk 00:27:28]} {[%emt 00:00:42]} Rxd5
{[%clk 00:24:56]} {[%emt 00:06:41]} 1/2-1/2

[Event "Tournoi International du Pays de Charleroi 2018"]
[Site "Roux, Belgium"]
[Date "2018.08.02"]
[Round "7.6"]
[White "Terryn, Ezra"]
[Black "Godart, Francois"]
[Result "0-1"]
[WhiteElo "2007"]
[BlackElo "2427"]

1. e4 {[%clk 01:30:52]} {[%emt 00:00:07]} e6 {[%clk 01:30:55]} {[%emt
00:00:06]} 2. d4 {[%clk 01:31:09]} {[%emt 00:00:12]} d5 {[%clk 01:31:21]}
{[%emt 00:00:04]} 3. Nc3 {[%clk 01:31:32]} {[%emt 00:00:07]} Nf6 {[%clk
01:31:32]} {[%emt 00:00:19]} 4. Bg5 {[%clk 01:31:19]} {[%emt 00:00:43]} Bb4
{[%clk 01:31:49]} {[%emt 00:00:14]} 5. e5 {[%clk 01:31:16]} {[%emt 00:00:32]}
h6 {[%clk 01:32:15]} {[%emt 00:00:04]} 6. Bd2 {[%clk 01:31:37]} {[%emt
00:00:10]} Bxc3 {[%clk 01:32:32]} {[%emt 00:00:12]} 7. bxc3 {[%clk 01:31:55]}
{[%emt 00:00:12]} Ne4 {[%clk 01:32:59]} {[%emt 00:00:04]} 8. Qg4 {[%clk
01:31:51]} {[%emt 00:00:34]} Kf8 {[%clk 01:33:18]} {[%emt 00:00:11]} 9. Nf3
{[%clk 01:32:05]} {[%emt 00:00:15]} c5 {[%clk 01:32:57]} {[%emt 00:00:51]} 10.
Bd3 {[%clk 01:32:07]} {[%emt 00:00:27]} Nxd2 {[%clk 01:33:18]} {[%emt
00:00:11]} 11. Kxd2 {[%clk 01:32:31]} {[%emt 00:00:05]} c4 {[%clk 01:33:32]}
{[%emt 00:00:17]} 12. Be2 {[%clk 01:32:56]} {[%emt 00:00:05]} b5 {[%clk
01:33:35]} {[%emt 00:00:27]} 13. Nh4 {[%clk 01:25:16]} {[%emt 00:08:09]} Nc6
{[%clk 01:31:23]} {[%emt 00:02:43]} 14. a3 {[%clk 01:01:39]} {[%emt 00:24:07]}
a5 {[%clk 01:31:40]} {[%emt 00:00:13]} 15. Rhb1 {[%clk 00:58:22]} {[%emt
00:03:46]} Bd7 {[%clk 01:28:28]} {[%emt 00:03:42]} 16. g3 {[%clk 00:55:07]}
{[%emt 00:03:45]} Kg8 {[%clk 01:19:28]} {[%emt 00:09:30]} 17. Ng2 {[%clk
00:51:11]} {[%emt 00:04:27]} Kh7 {[%clk 01:14:54]} {[%emt 00:05:04]} 18. Qf4
{[%clk 00:46:20]} {[%emt 00:05:21]} Qe7 {[%clk 01:08:22]} {[%emt 00:07:02]} 19.
Rxb5 {[%clk 00:40:38]} {[%emt 00:06:12]} Nxd4 {[%clk 01:07:18]} {[%emt
00:01:34]} 20. Rb7 {[%clk 00:40:51]} {[%emt 00:00:16]} Nc6 {[%clk 01:06:17]}
{[%emt 00:01:31]} 21. Rab1 {[%clk 00:36:54]} {[%emt 00:04:27]} Rhb8 {[%clk
01:05:41]} {[%emt 00:01:07]} 22. Ne1 {[%clk 00:22:46]} {[%emt 00:14:37]} Rxb7
{[%clk 01:05:15]} {[%emt 00:00:57]} 23. Rxb7 {[%clk 00:23:07]} {[%emt
00:00:09]} Rb8 {[%clk 01:05:36]} {[%emt 00:00:08]} 24. Rxb8 {[%clk 00:23:32]}
{[%emt 00:00:06]} Nxb8 {[%clk 01:06:02]} {[%emt 00:00:04]} 25. Nf3 {[%clk
00:23:55]} {[%emt 00:00:06]} Kg8 {[%clk 01:04:30]} {[%emt 00:02:02]} 26. Qd4
{[%clk 00:21:35]} {[%emt 00:02:51]} Nc6 {[%clk 01:03:58]} {[%emt 00:01:02]} 27.
Qb6 {[%clk 00:22:00]} {[%emt 00:00:05]} Qxa3 {[%clk 01:03:45]} {[%emt
00:00:43]} 28. Qc7 {[%clk 00:19:18]} {[%emt 00:03:11]} Be8 {[%clk 01:02:58]}
{[%emt 00:01:17]} 29. Nd4 {[%clk 00:18:12]} {[%emt 00:01:36]} Nxd4 {[%clk
01:02:35]} {[%emt 00:00:54]} 30. cxd4 {[%clk 00:18:35]} {[%emt 00:00:05]} Qb4+
{[%clk 01:02:05]} {[%emt 00:01:01]} 31. Kc1 {[%clk 00:15:43]} {[%emt 00:03:22]}
Qe1+ {[%clk 01:01:47]} {[%emt 00:00:49]} 32. Bd1 {[%clk 00:15:55]} {[%emt
00:00:18]} c3 {[%clk 01:02:12]} {[%emt 00:00:05]} 0-1